| 000 | nam a22 7a 4500 | ||
|---|---|---|---|
| 999 |
_c128339 _d128339 |
||
| 008 | 181009b xxu||||| |||| 00| 0 eng d | ||
| 050 |
_aBX3756.A753 _bA3 |
||
| 100 |
_aArrupe, Pedro _942821 |
||
| 245 |
_aPedro Arrupe _bituneraire d'un jesuite _cPedro Arrupe and Jean Claude Dietsch |
||
| 260 |
_aParis _bLe Centurion _c1982 |
||
| 300 |
_a198p. ; _c22cm. |
||
| 440 |
_aLes interviews _942822 |
||
| 600 |
_aArrupe, Pedro _942821 |
||
| 942 |
_2lcc _cMONOGRAPH |
||